00323nam a2200121Ia 450000500170000000800410001708200130005810000090007124500240008026000670010430000120017165000180018320250422014310.0240331s9999 xx 000 0 und d bSAMa200 aSami 0aKadavular kathaikal aChennaibPeriyar Suyamariyathai pirasar niruvan veliyiduc1994 a41 p ., aShort Stories